000 00870 a2200229 4500
001 47765
005 20260407155744.0
008 260407a1997 arg spa d
003 AR-UNSa-BCEJYS
040 _aAR-UNSa-BCEJYS
_bspa
_cAR-UNSa-BCEJYS
080 _a336.14
_xPresupuesto público. Presupuesto nacional
245 1 0 _aPresupuesto y cuenta de inversión
_pinstrumentos de gobierno y control
020 _a987-507-003-3
250 _a2a. ed.
264 1 _aBuenos Aires :
_bEdiciones Ciudad Argentina
_c1997
300 _a227 p.
_c20 cm.
505 _a1. Perspectiva histórica - 2. Perspectiva politica - 3. Perspectiva económica - 4. Perspectiva administrativa - 5. Perspectiva legislativa - 6. Perspectiva judicial - 7. Perspectiva contable.
041 _aspa
942 _cBK
590 _aniveau_biblio:m niveau_hierar:0
100 1 _aDromi, José Roberto
999 _c4458
_d4458